Personnages Disney - Statistiques

Statistiques générales
  • Ce quiz a été pris 387 fois
  • Le résultat moyen est 51 sur 156
Statistiques - réponses
Numéro Personnage % Correct
18 Blanche-Neige
89%
25 Cendrillon
84%
5 Anna
81%
7 Ariel
79%
42 Elsa
78%
16 Belle
77%
1 Aladdin
73%
65 Jasmine
69%
134 Simplet
69%
87 Mickey
68%
55 Grincheux
66%
96 Olaf
66%
114 Prof
66%
10 Atchoum
65%
133 Simba
65%
88 Minnie
63%
35 Donald
62%
104 Peter Pan
62%
140 Timide
62%
36 Dormeur
60%
63 Jafar
59%
34 Dingo
58%
69 Joyeux
58%
93 Nala
57%
2 Alice
55%
13 Bambi
55%
32 Daisy
55%
56 Gus
55%
138 Tiana
55%
30 Cruella
54%
40 Dumbo
54%
82 Marie
54%
91 Mowgli
54%
109 Polochon
54%
148 Wendy
54%
92 Mufasa
52%
108 Pluto
52%
59 Hercule
51%
44 Eric
50%
107 Pinocchio
50%
130 Sébastien
50%
147 Ursula
50%
12 Baloo
49%
115 Pumba
49%
17 Berlioz
48%
129 Scar
48%
136 Sven
48%
143 Toulouse
48%
149 Winnie
48%
110 Pongo
47%
141 Timon
47%
39 Duchesse
46%
66 Javotte
44%
99 Pan-pan
44%
28 Clochard
43%
103 Perdita
43%
74 Lady
41%
111 Porcinet
41%
150 Woody
41%
57 Hans
40%
72 Kristoff
40%
126 Rox
40%
45 Esméralda
39%
94 Nemo
39%
139 Tigrou
39%
24 Capitaine Crochet
38%
52 Gaston
38%
86 Merlin
38%
23 Buzz l'éclair
37%
49 Fleur
37%
53 Geppetto
37%
116 Quasimodo
37%
125 Rouky
37%
58 Hadès
36%
21 Bourriquet
35%
9 Arthur
34%
11 Bagheera
34%
37 Dory
34%
152 Zazu
33%
73 Kuzco
32%
85 Mégara
32%
61 Iago
31%
67 Jessie
29%
46 Fée Clochette
28%
97 Oliver
28%
117 Rafiki
28%
120 Rémy
26%
137 Thomas O'Malley
26%
83 Marin
25%
29 Coco lapin
23%
71 Kaa
23%
131 Shere Khan
23%
154 Zig-Zag
23%
155 Zip
23%
64 Jaq
22%
121 Rex
22%
48 Figaro
20%
51 Frollo
20%
68 Jiminy cricket
20%
75 Le lapin blanc
20%
151 Yzma
20%
27 Chapelier fou
19%
102 Pégase
19%
47 Fifi
18%
80 Loulou
18%
119 Reine de coeur
18%
122 Riri
18%
15 Bayonne
17%
142 Timothée
17%
89 Monsieur Mouche
16%
118 Rajah
16%
90 Monsieur Patate
15%
106 Pile-Poil
14%
78 Linguini
13%
81 Lucky
12%
105 Petit Jean
12%
79 Lotso
11%
8 Arlo
10%
43 Emile
10%
101 Patch
10%
112 Prince charmant
9%
124 Roi louis
9%
156 Zurg
8%
14 Baymax
7%
22 Bruce
7%
76 Le lièvre de Mars
7%
113 Prince Jean
7%
26 Chat de Chester
6%
33 Darla
6%
38 Doug
6%
50 Fourchette
6%
70 Judy hopps
6%
84 Marraine la fée
6%
127 Russell
6%
3 Aliens
4%
20 Bouh
4%
31 Crush
4%
95 Nick wilde
4%
145 Tweedle Dee
4%
146 Tweedle Dum
4%
77 Lily la Tigresse
3%
128 Sally
3%
60 Hiro hamada
2%
98 Oswald
2%
100 Papi Pépite
2%
132 Siffli
2%
135 Skinner
2%
4 Andy Davis
1%
6 Anton Ego
1%
19 Bob razowski
1%
41 Edna mode
1%
54 Germaine
1%
62 Jack skellington
1%
123 Robin de Bois
1%
153 Zero
1%
144 Trixie
0%
Aucun quiz correspondant
Distribution des résultats
% des personnes avec chaque résultat
Percentile par nombre de réponses
Votre historique - résultats
Vous n’avez pas pris ce quiz